<?xml version="1.0" encoding="UTF-8"?>
<record
    xmlns:xsi="http://www.w3.org/2001/XMLSchema-instance"
    xsi:schemaLocation="http://www.loc.gov/MARC21/slim http://www.loc.gov/standards/marcxml/schema/MARC21slim.xsd"
    xmlns="http://www.loc.gov/MARC21/slim">

  <leader>01798nam a22002537a 4500</leader>
  <controlfield tag="001">6693</controlfield>
  <controlfield tag="003">FISKH</controlfield>
  <controlfield tag="005">20250521104101.0</controlfield>
  <controlfield tag="008">250521b        cb ||||| |||| 00| 0 eng d</controlfield>
  <datafield tag="040" ind1=" " ind2=" ">
    <subfield code="a">FISKH</subfield>
    <subfield code="b">khr</subfield>
    <subfield code="c">FISKH</subfield>
    <subfield code="d">FISKH</subfield>
  </datafield>
  <datafield tag="082" ind1=" " ind2=" ">
    <subfield code="a">800</subfield>
  </datafield>
  <datafield tag="100" ind1=" " ind2=" ">
    <subfield code="a">Chihout, Ty</subfield>
  </datafield>
  <datafield tag="245" ind1=" " ind2=" ">
    <subfield code="a">&#x17A2;&#x178F;&#x17D2;&#x1790;&#x1794;&#x1791;&#x179B;&#x17D2;&#x1781;&#x17C4;&#x1793;&#x1799;&#x17B8;&#x1780;&#x17C1; &#x179A;&#x17BF;&#x1784;&#x1780;&#x17D2;&#x1794;&#x17BC;&#x1793;&#x1787;&#x17B8;&#x179C;&#x17B7;&#x178F; /</subfield>
    <subfield code="c">&#x179B;&#x17C4;&#x1780; &#x1791;&#x17B8; &#x1787;&#x17B8;&#x17A0;&#x17BD;&#x178F; (&#x17E1;&#x17E9;&#x17E5;&#x17E2;-&#x17E1;&#x17E9;&#x17E8;&#x17E7;) </subfield>
  </datafield>
  <datafield tag="250" ind1=" " ind2=" ">
    <subfield code="a">&#x1780;&#x17B6;&#x179B;&#x1794;&#x179A;&#x17B7;&#x1785;&#x17D2;&#x1786;&#x1791;&#x1793;&#x17B7;&#x1796;&#x1793;&#x17D2;&#x1792; &#x1790;&#x17D2;&#x1784;&#x17C3;&#x1791;&#x17B8;&#x17E2;&#x17E8; &#x1781;&#x17C2;&#x1798;&#x17B7;&#x1793;&#x17B6; &#x1786;&#x17D2;&#x1793;&#x17B6;&#x17C6;&#x200B;&#x17E1;&#x17E9;&#x17E8;&#x17E7;</subfield>
  </datafield>
  <datafield tag="260" ind1=" " ind2=" ">
    <subfield code="a">&#x1797;&#x17D2;&#x1793;&#x17C6;&#x1796;&#x17C1;&#x1789; :</subfield>
    <subfield code="b">&#x1794;&#x17B6;&#x1780;&#x17CB;&#x1791;&#x17BC;&#x1780; &#x1790;&#x178F;&#x1785;&#x17C6;&#x179B;&#x1784; , </subfield>
    <subfield code="c">&#x17E2;&#x17E0;&#x17E1;&#x17E6; .</subfield>
  </datafield>
  <datafield tag="300" ind1=" " ind2=" ">
    <subfield code="a">150 pages : </subfield>
    <subfield code="b">illustrations ; </subfield>
    <subfield code="c">20 cm . </subfield>
  </datafield>
  <datafield tag="520" ind1=" " ind2=" ">
    <subfield code="a">&#x179B;&#x17D2;&#x1781;&#x17C4;&#x1793;&#x1799;&#x17B8;&#x1780;&#x17C1;&#x179A;&#x17BF;&#x1784; &#xAB;&#x1780;&#x17D2;&#x1794;&#x17BC;&#x1793;&#x1787;&#x17B8;&#x179C;&#x17B7;&#x178F;&#xBB; &#x179F;&#x179A;&#x179F;&#x17C1;&#x179A;&#x178A;&#x17C4;&#x1799;&#x179B;&#x17C4;&#x1780; &#x1791;&#x17B8; &#x1787;&#x17B8;&#x17A0;&#x17BD;&#x178F; &#x1782;&#x17BA;&#x1787;&#x17B6;&#x17A2;&#x178F;&#x17D2;&#x1790;&#x1794;&#x1791;&#x179F;&#x17B7;&#x179B;&#x17D2;&#x1794;&#x17C8;&#x179F;&#x1798;&#x17D2;&#x178A;&#x17C2;&#x1784;&#x178A;&#x17C2;&#x179B;&#x1798;&#x17B6;&#x1793;&#x178F;&#x17BD;&#x1793;&#x17B6;&#x1791;&#x17B8;&#x1787;&#x17B6;&#x1780;&#x17B6;&#x179A;&#x1796;&#x1793;&#x17D2;&#x1799;&#x179B;&#x17CB;&#x1793;&#x17B7;&#x1784;&#x1794;&#x1784;&#x17D2;&#x179A;&#x17C0;&#x1793;&#x17A2;&#x17C6;&#x1796;&#x17B8;&#x17A2;&#x1797;&#x17B7;&#x179C;&#x178C;&#x17D2;&#x178D;&#x1793;&#x17CD;&#x1793;&#x17C3;&#x1787;&#x17B8;&#x179C;&#x17B7;&#x178F;&#x179A;&#x1794;&#x179F;&#x17CB;&#x1798;&#x1793;&#x17BB;&#x179F;&#x17D2;&#x179F; &#x178F;&#x17B6;&#x1798;&#x179A;&#x1799;&#x17C8;&#x1780;&#x17B6;&#x179A;&#x1794;&#x17D2;&#x179A;&#x1788;&#x1798;&#x1798;&#x17BB;&#x1781;&#x1793;&#x17B9;&#x1784;&#x1794;&#x1789;&#x17D2;&#x17A0;&#x17B6;&#x1793;&#x17B6;&#x1793;&#x17B6; &#x1793;&#x17B7;&#x1784;&#x1780;&#x17B6;&#x179A;&#x1791;&#x1791;&#x17BD;&#x179B;&#x1781;&#x17BB;&#x179F;&#x178F;&#x17D2;&#x179A;&#x17BC;&#x179C;&#x1787;&#x17B6;&#x1798;&#x1793;&#x17BB;&#x179F;&#x17D2;&#x179F;&#x1780;&#x17D2;&#x1793;&#x17BB;&#x1784;&#x179F;&#x1784;&#x17D2;&#x1782;&#x1798;&#x17D4;</subfield>
  </datafield>
  <datafield tag="520" ind1=" " ind2=" ">
    <subfield code="a">The Yike opera titled "Kbon Cheivit" (The Pattern of Life), written by Tee Chhihout, is a performing arts piece that serves to explain and teach about the development of human life through various challenges and the responsibilities one holds as a member of society.</subfield>
  </datafield>
  <datafield tag="650" ind1=" " ind2=" ">
    <subfield code="a">&#x1780;&#x17D2;&#x1794;&#x17BC;&#x1793;&#x1787;&#x17B8;&#x179C;&#x17B7;&#x178F; </subfield>
    <subfield code="v">&#x1799;&#x17B8;&#x1780;&#x17C1;</subfield>
  </datafield>
  <datafield tag="650" ind1=" " ind2=" ">
    <subfield code="a">Kjboun Chivit </subfield>
    <subfield code="v">Yi Ke</subfield>
  </datafield>
  <datafield tag="700" ind1=" " ind2=" ">
    <subfield code="a">Pahen, Hay </subfield>
    <subfield code="e">Illustrator </subfield>
  </datafield>
  <datafield tag="942" ind1=" " ind2=" ">
    <subfield code="2">ddc</subfield>
    <subfield code="c">KHB</subfield>
    <subfield code="n">0</subfield>
  </datafield>
  <datafield tag="999" ind1=" " ind2=" ">
    <subfield code="c">6693</subfield>
    <subfield code="d">6693</subfield>
  </datafield>
  <datafield tag="952" ind1=" " ind2=" ">
    <subfield code="0">0</subfield>
    <subfield code="1">0</subfield>
    <subfield code="2">ddc</subfield>
    <subfield code="4">0</subfield>
    <subfield code="7">0</subfield>
    <subfield code="8">KH</subfield>
    <subfield code="a">002</subfield>
    <subfield code="b">002</subfield>
    <subfield code="c">SKB</subfield>
    <subfield code="d">2025-05-21</subfield>
    <subfield code="l">0</subfield>
    <subfield code="o">CHI 800</subfield>
    <subfield code="p">FISSE01628</subfield>
    <subfield code="r">2025-05-21 10:39:58</subfield>
    <subfield code="w">2025-05-21</subfield>
    <subfield code="y">KHB</subfield>
  </datafield>
</record>
